000
00268nam a2200121Ia 4500
008
191201s2019 xx 000 0 und d
100
_a
ARORA, PN
245
0
_a
Topic in Algebra
260
_a
N. Delhi
_b
Sultan Chand
300
_a
567
650
_a
Applied
942
_2
ddc
_c
BK
999
_c
73
_d
73